Performance of high voltage direct current circuit breaker during and after arc interruption process / (رقم التسجيلة. 163987)
[ عرض عادي ]
| 000 -LEADER | |
|---|---|
| fixed length control field | 02332nam a2200301Ia 4500 |
| 005 - DATE AND TIME OF LATEST TRANSACTION | |
| control field | 20250223033114.0 |
| 008 - FIXED-LENGTH DATA ELEMENTS--GENERAL INFORMATION | |
| fixed length control field | 231030s9999 xx 000 0 und d |
| 049 ## - LOCAL HOLDINGS (OCLC) | |
| Holding library | Deposit |
| 082 ## - DEWEY DECIMAL CLASSIFICATION NUMBER | |
| Classification number | 621.319 |
| 097 ## - Thesis Degree | |
| Thesis Level | M.Sc |
| 099 ## - LOCAL FREE-TEXT CALL NUMBER (OCLC) | |
| Classification number | Cai01.13.07.M.Sc.2022.Mo.P |
| 100 ## - MAIN ENTRY--PERSONAL NAME | |
| Personal name | Mohamed Niazi Taha Elfikky, |
| 245 ## - TITLE STATEMENT | |
| Title | Performance of high voltage direct current circuit breaker during and after arc interruption process / |
| Statement of responsibility, etc. | By Mohamed Niazi Taha Elfikky ; Supervision Ahdab ElMorshedy, Mohammed Ahmed ElShahat. |
| 246 ## - VARYING FORM OF TITLE | |
| Title proper/short title | أداء قاطع الجهد العالى للتيار المستمر اثناء و بعد عملية إطفاء القوس الكهربى |
| 260 ## - PUBLICATION, DISTRIBUTION, ETC. | |
| Date of publication, distribution, etc. | 2022. |
| 336 ## - CONTENT TYPE | |
| Source | rda content |
| Content type term | text |
| 337 ## - MEDIA TYPE | |
| Source | rdamedia |
| Media type term | Unmediated |
| 338 ## - CARRIER TYPE | |
| Source | rdacarrier |
| Carrier type term | volume |
| 502 ## - DISSERTATION NOTE | |
| Dissertation note | Thesis (M.Sc.)-Cairo University,2022. |
| 504 ## - BIBLIOGRAPHY, ETC. NOTE | |
| Bibliography, etc. note | Bibliography: p. 100-97. |
| 520 ## - SUMMARY, ETC. | |
| Summary, etc. | في هذه الأطروحة ، قمنا بمحاكاة القوس باستخدام طريقتين مختلفتين للحصول على رؤية شاملة للعوامل المختلفة التي تؤثر على عملية قطع القوس الكهربى. أولاً ، استخدمنا أداة MATLABSimulink لمحاكاة القوس باستخدام نموذج Mayr arc ، والذي أعطانا التيار والجهد لـ CB أثناء عملية قطع القوس الكهربى. ثم استخدمناFluent ANSYS لمحاكاة نموذج القوس الفيزيائي الذي يعطينا شرحًا جيدًا للتفاعل بين القوس وتدفق السوائل داخل القاطع الكهربى أثناء عملية قطع القوس الكهربى.وجدنا أن عطل ارضى من شأنه أن يتسبب في توليد حرارة هائلة مما يؤدي إلى انخفاض في قوة العزل لغاز SF6 بعد انقطاع القوس مما يؤدي إلى تفريغ كهربائى حول الملامس المجوف ، ووجدنا أيضًا أن الانخفاض في قطر الملامس الصلب قد يتسبب في انخفاض في قدرات الانقطاع في CB |
| 650 ## - SUBJECT ADDED ENTRY--TOPICAL TERM | |
| Topical term or geographic name entry element | Electrical Power and Machines Engineering |
| 653 ## - INDEX TERM--UNCONTROLLED | |
| Uncontrolled term | HVDC |
| 700 ## - ADDED ENTRY--PERSONAL NAME | |
| Personal name | Mohammed ElShahat |
| 856 ## - ELECTRONIC LOCATION AND ACCESS | |
| Uniform Resource Identifier | <a href="http://172.23.153.220/th.pdf">http://172.23.153.220/th.pdf</a> |
| 905 ## - LOCAL DATA ELEMENT E, LDE (RLIN) | |
| Cataloger | Mohamady |
| 942 ## - ADDED ENTRY ELEMENTS (KOHA) | |
| Koha item type | Thesis |
| Source of classification or shelving scheme | Dewey Decimal Classification |
| Source of classification or shelving scheme | Not for loan | Home library | Current library | Date acquired | Full call number | Barcode | Date last seen | Koha item type |
|---|---|---|---|---|---|---|---|---|
| Dewey Decimal Classification | المكتبة المركزبة الجديدة - جامعة القاهرة | قاعة الرسائل الجامعية - الدور الاول | 11.02.2024 | Cai01.13.07.M.Sc.2022.Mo.P | 01010110086068000 | 30.10.2023 | Thesis |